Esquema de Ordenamiento Territorial : (Registro nro. 3830)

Detalles MARC
000 -CABECERA
Campo de control 00865nam a2200229 a 4500
005 - FECHA Y HORA DE LA ULTIMA TRANSACCION
Campo de control 20200104041543.0
008 - ELEMENTOS DE LONGITUD FIJA—INFORMACION GENERAL
Campo de control 140312b2000 ck ||||| |||| 00| 0 spa d
040 ## - FUENTE DE CATALOGACIÓN
Agencia catalogadora original CO-BoIAVH
Agencia transcriptora CO-BoIAVH
041 0# - IDIOMA
Código de idioma para texto/pista de sonido o título separado Español
044 ## - PAÍS DE PUBLICACIÓN
País de publicación Colombia
082 04 - NUMERO DE CLASIFICACION DECIMAL DEWEY
Número de clasificación 352.0986
Número del ítem P14p
110 2# - ASIENTO PRINCIPAL--NOMBRE CORPORATIVO
Unidad subordinad Colombia
Nombre corporativo o de jurisdicción como elemento de entrada Corporación Autónoma Regional del Alto Magdalena
9 (RLIN) 52688
245 10 - MENCION DE TITULO
Título Esquema de Ordenamiento Territorial :
Parte restante del título municipio de Paicol /
Mención de responsabilidad Corporación Autónoma Regional del Alto Magdalena
260 ## - PUBLICACION, DISTRIBUCION, ETC. (PIE DE IMPRENTA)
Lugar de publicación, distribución, etc. Neiva :
Nombre del editor, distribuidor, etc. Corporación Autónoma Regional del Alto Magdalena,
Fecha de publicación, distribución, etc. 2000?
300 ## - DESCRIPCION FISICA
Extensión 60 páginas :
Otros detalles físicos Ilustraciones, mapas ;
Dimensiones 27 x 21 cm.
650 #6 - ASIENTO SECUNDARIO DE MATERIA - TERMINO TEMATICO
Término temático o nombre geográfico como elemento de entrada Zonificación ambiental
9 (RLIN) 229
650 #6 - ASIENTO SECUNDARIO DE MATERIA - TERMINO TEMATICO
Término temático o nombre geográfico como elemento de entrada Uso del suelo
9 (RLIN) 3216
650 #6 - ASIENTO SECUNDARIO DE MATERIA - TERMINO TEMATICO
Término temático o nombre geográfico como elemento de entrada Desarrollo territorial
9 (RLIN) 33392
650 #6 - ASIENTO SECUNDARIO DE MATERIA - TERMINO TEMATICO
Término temático o nombre geográfico como elemento de entrada Ordenamiento territorial
9 (RLIN) 52691
650 #6 - ASIENTO SECUNDARIO DE MATERIA - TERMINO TEMATICO
Término temático o nombre geográfico como elemento de entrada Planes de ordenamiento ambiental
9 (RLIN) 21184
942 ## - ELEMENTOS ADICIONALES (KOHA)
Tipo de ítem Libro
Sistema de clasificación Dewey Decimal Classification
Existencias
Withdrawn status Lost status Sistema de Clasificación Damaged status No para préstamo Colección Inventariado Ubicación Permanente Ubicación actual Fecha de adquisición Fuente de Valor Valor Total Checkouts Número topográfico Inventario / Código de Barras Date last seen Ejemplar Price effective from Forma de adquisición Tipo de material
    Dewey Decimal Classification     General Inventariado 2017 Bogotá Bogotá 20/01/2015 Instituto 39000.00   LB-352.0986 P14p 038523 20/01/2015 Ej. 2 20/01/2015   Libro
    Dewey Decimal Classification     General Inventariado 2017 Sala Fabio Quevedo Sala Fabio Quevedo 13/05/2004 Instituto 39000.00   LB-352.0986 P14p 015641 04/12/2012 Ej. 1 04/12/2012   Libro